[Event "IECG CB.2005.0.00136 email"]
[Site "IECG email"]
[Date "2005.04.24"]
[Round "?"]
[White "Grage, Dieter"]
[Black "Law, Steve"]
[Result "0-1"]
[WhiteElo "1884"]
[BlackElo "1843"]
[PlyCount "26"]
[EventDate "2005.04.24"]
[EventType "tourn (corr)"]
[EventRounds "6"]
[SourceTitle "Corr 2024"]
[Source "ChessBase"]
[SourceDate "2023.10.19"]
[SourceVersion "1"]
[SourceVersionDate "2023.10.19"]
[SourceQuality "1"]

1. e4 c5 2. Nf3 d6 3. d4 cxd4 4. Nxd4 Nf6 5. Nc3 a6 6. Be2 e6 7. 0-0 Be7 8. f4 0-0 9. Kh1 Qc7 10. a4 Nc6 11. Be3 Re8 12. Bf3 Na5 13. g4 Nc4 0-1

[Event "IECG CB.2005.0.00136 email"]
[Site "IECG email"]
[Date "2005.04.24"]
[Round "?"]
[White "Laczay, Istvan"]
[Black "Grage, Dieter"]
[Result "1-0"]
[WhiteElo "1894"]
[BlackElo "1884"]
[PlyCount "25"]
[EventDate "2005.04.24"]
[EventType "tourn (corr)"]
[EventRounds "6"]
[SourceTitle "Corr 2024"]
[Source "ChessBase"]
[SourceDate "2023.10.19"]
[SourceVersion "1"]
[SourceVersionDate "2023.10.19"]
[SourceQuality "1"]

1. d4 e6 2. c4 Bb4+ 3. Nc3 b6 4. Qb3 c5 5. a3 Ba5 6. Nf3 Nf6 7. e3 0-0 8. dxc5 bxc5 9. Bd3 Nc6 10. 0-0 Rb8 11. Qc2 Ne7 12. e4 d6 13. Nb5 1-0

[Event "IECG WC.2008.P.00004 email"]
[Site "IECG email"]
[Date "2004.03.05"]
[Round "?"]
[White "Grage, Dieter"]
[Black "Quizielvu, Massimo"]
[Result "1/2-1/2"]
[WhiteElo "1904"]
[BlackElo "1543"]
[PlyCount "41"]
[EventDate "2004.03.05"]
[EventType "tourn (corr)"]
[EventRounds "6"]
[SourceTitle "Corr 2008"]
[Source "ChessBase"]
[SourceDate "2008.06.24"]
[SourceVersion "1"]
[SourceVersionDate "2008.06.24"]
[SourceQuality "1"]

1. d4 Nf6 2. c4 g6 3. Nc3 d5 4. Nf3 Bg7 5. cxd5 Nxd5 6. e4 Nxc3 7. bxc3 c5 8. Rb1 0-0 9. Be2 cxd4 10. cxd4 Qa5+ 11. Bd2 Qxa2 12. 0-0 Bg4 13. Bg5 h6 14. Be3 b6 15. Qd3 Rc8 16. h3 Bd7 17. Ne5 Qc2 18. Nxd7 Qxd3 19. Bxd3 Nxd7 20. Ba6 Rc3 21. Rfc1 1/2-1/2

[Event "IECG WC.2008.P.00004 email"]
[Site "IECG email"]
[Date "2004.03.05"]
[Round "?"]
[White "Grage, Dieter"]
[Black "Scarani, Antonio"]
[Result "0-1"]
[WhiteElo "1904"]
[BlackElo "2127"]
[PlyCount "42"]
[EventDate "2004.03.05"]
[EventType "tourn (corr)"]
[EventRounds "6"]
[SourceTitle "Corr 2008"]
[Source "ChessBase"]
[SourceDate "2008.06.24"]
[SourceVersion "1"]
[SourceVersionDate "2008.06.24"]
[SourceQuality "1"]

1. d4 d5 2. c4 e6 3. Nf3 Nf6 4. Nc3 Be7 5. Bg5 h6 6. Bf4 0-0 7. e3 c5 8. dxc5 Bxc5 9. cxd5 Nxd5 10. Nxd5 exd5 11. a3 Nc6 12. Bd3 Qf6 13. Qc2 Bb6 14. 0-0 Bg4 15. Kh1 Rac8 16. Qe2 Rfe8 17. Rac1 Rcd8 18. Qc2 Bxf3 19. gxf3 Ne5 20. Bh7+ Kh8 21. Qf5 Qd6 0-1

[Event "IECG CE.2002.0.00027 email"]
[Site "IECG email"]
[Date "2002.04.03"]
[Round "?"]
[White "Grage, Dieter"]
[Black "Cornacchini, Gabriele"]
[Result "1-0"]
[WhiteElo "1200"]
[BlackElo "1283"]
[PlyCount "43"]
[EventDate "2002.04.03"]
[EventType "tourn (corr)"]
[EventRounds "6"]
[SourceTitle "Corr 2008"]
[Source "ChessBase"]
[SourceDate "2008.06.24"]
[SourceVersion "1"]
[SourceVersionDate "2008.06.24"]
[SourceQuality "1"]

1. d4 Nf6 2. c4 c5 3. d5 b5 4. cxb5 a6 5. b6 d6 6. Nc3 Nbd7 7. a4 Qxb6 8. a5 Qc7 9. e4 g6 10. f4 Bg7 11. Bc4 0-0 12. Nf3 Rb8 13. 0-0 Re8 14. Qe2 e6 15. dxe6 fxe6 16. Ng5 Nf8 17. f5 Rb4 18. fxe6 Nxe6 19. Bf4 Qb8 20. Kh1 Rxb2 21. Rab1 Rxb1 22. Rxb1 1-0

[Event "IECG CE.2002.0.00027 email"]
[Site "IECG email"]
[Date "2002.04.03"]
[Round "?"]
[White "Grage, Dieter"]
[Black "Howard, Geoff"]
[Result "1-0"]
[WhiteElo "1200"]
[BlackElo "1364"]
[PlyCount "63"]
[EventDate "2002.04.03"]
[EventType "tourn (corr)"]
[EventRounds "6"]
[SourceTitle "Corr 2008"]
[Source "ChessBase"]
[SourceDate "2008.06.24"]
[SourceVersion "1"]
[SourceVersionDate "2008.06.24"]
[SourceQuality "1"]

1. d4 d5 2. c4 c6 3. Nc3 Nf6 4. Nf3 a6 5. a4 e6 6. Bg5 Nbd7 7. a5 dxc4 8. e3 b5 9. axb6 Qxb6 10. Ra2 Bb4 11. Bxc4 Ne4 12. Qc2 Nxc3 13. bxc3 Bxc3+ 14. Ke2 Bb4 15. Rb1 a5 16. Ne1 Bb7 17. Nd3 c5 18. dxc5 Qc6 19. f3 h6 20. Bf4 Nxc5 21. Nxb4 axb4 22. Rxa8+ Bxa8 23. Rxb4 0-0 24. Qd2 Bb7 25. Qd6 Nd7 26. e4 Ra8 27. Qxc6 Bxc6 28. Bd6 g5 29. Ke3 Kg7 30. Rb1 Kf6 31. g3 Ne5 32. Be2 1-0

[Event "IECG CE.2002.0.00027 email"]
[Site "IECG email"]
[Date "2002.04.03"]
[Round "?"]
[White "Leglise, Alain"]
[Black "Grage, Dieter"]
[Result "0-1"]
[WhiteElo "1300"]
[BlackElo "1200"]
[PlyCount "108"]
[EventDate "2002.04.03"]
[EventType "tourn (corr)"]
[EventRounds "6"]
[SourceTitle "Corr 2008"]
[Source "ChessBase"]
[SourceDate "2008.06.24"]
[SourceVersion "1"]
[SourceVersionDate "2008.06.24"]
[SourceQuality "1"]

1. e4 c6 2. d4 d5 3. Nc3 dxe4 4. Nxe4 Bf5 5. Ng3 Bg6 6. h4 h6 7. Nf3 Nd7 8. h5 Bh7 9. Bd3 Bxd3 10. Qxd3 e6 11. Bf4 Qa5+ 12. c3 Ngf6 13. Ne5 Nxe5 14. Bxe5 0-0-0 15. Qf3 Nd7 16. Bf4 Nf6 17. Be5 Nd7 18. Bf4 Nf6 19. 0-0 Bd6 20. Bxd6 Rxd6 21. Rfe1 Rhd8 22. b4 Qd5 23. Qe3 Qg5 24. Qxg5 hxg5 25. Ne4 Nxe4 26. Rxe4 f5 27. Re5 g4 28. Rae1 Kd7 29. b5 cxb5 30. Rxb5 b6 31. Rbe5 Rh8 32. d5 Rxd5 33. Rxe6 Rd1 34. Re7+ Kd8 35. Re8+ Rxe8 36. Rxd1+ Ke7 37. Re1+ Kf7 38. Rxe8 Kxe8 39. Kh2 Ke7 40. Kg3 Kf6 41. Kf4 b5 42. Ke3 Ke5 43. f4+ Kd5 44. g3 Kc4 45. Kd2 a6 46. Kc2 a5 47. Kd2 b4 48. cxb4 Kxb4 49. Kc2 a4 50. Kb2 a3+ 51. Kc2 Kc4 52. Kd2 Kd4 53. Ke2 Ke4 54. Kf2 Kd3 0-1